Environmental performance reviews: Belarus. (2nd rev.) (Record no. 42237)

MARC details
000 -LEADER
fixed length control field 00945nam a2200205 a 4500
008 - FIXED-LENGTH DATA ELEMENTS--GENERAL INFORMATION
fixed length control field 090427s2005 ||||||||||||||||| || u
020 ## - INTERNATIONAL STANDARD BOOK NUMBER
International Standard Book Number 9211169372
050 ## - LIBRARY OF CONGRESS CALL NUMBER
Classification number UN-ECE(08)EPR/22
110 ## - MAIN ENTRY--CORPORATE NAME
Corporate name or jurisdiction name as entry element United Nations Economic Commission for Europe (UNECE)
245 10 - TITLE STATEMENT
Title Environmental performance reviews: Belarus. (2nd rev.)
Statement of responsibility, etc. by United Nations Economic Commission for Europe (UNECE)
250 ## - EDITION STATEMENT
Edition statement 2nd Review
260 ## - PUBLICATION, DISTRIBUTION, ETC.
Place of publication, distribution, etc. New York:
Name of publisher, distributor, etc. United Nations
Date of publication, distribution, etc. 2005
300 ## - PHYSICAL DESCRIPTION
Extent xix,169p.: ill.
350 ## - PRICE (NR) (BK AM CF MU VM SE) [OBSOLETE]
Price 0.00
490 ## - SERIES STATEMENT
Series statement Environmental Performance Reviews Series
650 ## - SUBJECT ADDED ENTRY--TOPICAL TERM
Topical term or geographic name entry element ENVIRONMENTAL PERFORMANCE--RESEARCH--REPUBLIC OF BELARUS
650 ## - SUBJECT ADDED ENTRY--TOPICAL TERM
Topical term or geographic name entry element ENVIRONMENTAL IMPACT ANALYSIS--CASE STUDIES--REPUBLIC OF BELARUS
650 ## - SUBJECT ADDED ENTRY--TOPICAL TERM
Topical term or geographic name entry element ENVIRONMENTAL MANAGEMENT--ECONOMIC ASPECTS--REPUBLIC OF BELARUS
995 ## - RECOMMENDATION 995 [LOCAL, UNIMARC FRANCE]
-- CBU-MAIN LIBRARY (Kitwe)
-- 0.00
-- 1
-- AVAILABLE
-- Dec 16, 2013
-- International Publications
Holdings
Withdrawn status Lost status Source of classification or shelving scheme Damaged status Not for loan Home library Current library Shelving location Date acquired Total Checkouts Full call number Barcode Date last seen Price effective from Koha item type
          CBU-MAIN LIBRARY, KITWE. CBU-MAIN LIBRARY, KITWE.   11/30/2022   UN-ECE(08)EPR/22 54997 11/30/2022 11/30/2022 MONOGRAPH